Chủ nghĩa duy vật và chủ nghĩa kinh nghiệm phê phán Bút ký phê phán một kinh nghiệm phản động
Bewaard in:
| Hoofdauteur: | |
|---|---|
| Formaat: | Boek |
| Gepubliceerd in: |
Matxcơva
Tiến bộ
1976
|
| Onderwerpen: | |
| Tags: |
Voeg label toe
Geen labels, Wees de eerste die dit record labelt!
|
| Thư viện lưu trữ: | Trung tâm Học liệu Lê Vũ Hùng, Trường Đại học Đồng Tháp |
|---|
| LEADER | 00772pam a22001938a 4500 | ||
|---|---|---|---|
| 001 | 00015668 | ||
| 005 | 20171026081022.0 | ||
| 008 | 110330s1976 ||||||Viesd | ||
| 041 | 0 | # | |a Vie |
| 082 | 1 | 4 | |a 335.411 2 |b CH500NGH |
| 100 | 0 | # | |a I.lê-Nin, V |
| 245 | 0 | 0 | |a Chủ nghĩa duy vật và chủ nghĩa kinh nghiệm phê phán |b Bút ký phê phán một kinh nghiệm phản động |c V.I.lê-Nin |
| 260 | # | # | |a Matxcơva |b Tiến bộ |c 1976 |
| 300 | # | # | |a 423 tr, |c 20 cm. |
| 653 | # | # | |a Chủ nghĩa duy vật |a Chủ nghĩa Mác - Lênnin |a Lênin |a Chủ nghĩa duy tâm |
| 852 | # | # | |b Kho đọc |j KD.0001048 |
| 852 | # | # | |j KD.0001048 |
| 910 | |d 30/03/2011 | ||
| 980 | # | # | |a Trung tâm Học liệu Lê Vũ Hùng, Trường Đại học Đồng Tháp |